|
|
|
|
| LEADER |
01622nam a2200493 a 4500 |
| 001 |
nkc20112249216 |
| 003 |
CZ PrNK |
| 005 |
20120416110918.0 |
| 007 |
ta |
| 008 |
111026s2011 xr ac e f 001 0 cze |
| 015 |
|
|
|a cnb002249216
|
| 020 |
|
|
|a 978-80-200-2021-5
|q (brož.)
|
| 035 |
|
|
|a (OCoLC)776505990
|
| 040 |
|
|
|a ABA001
|b cze
|
| 072 |
|
7 |
|a 578
|x Virologie
|2 Konspekt
|9 2
|
| 080 |
|
|
|a 578
|2 MRF
|
| 080 |
|
|
|a 616.9-022.6
|2 MRF
|
| 080 |
|
|
|a 61(091)
|2 MRF
|
| 080 |
|
|
|a (0.062)
|2 MRF
|
| 100 |
1 |
|
|a Konvalinka, Jan,
|d 1963-
|7 mzk2004208597
|4 aut
|
| 245 |
1 |
0 |
|a Viry pro 21. století /
|c Jan Konvalinka, Ladislav Machala
|
| 250 |
|
|
|a Vyd. 1.
|
| 260 |
|
|
|a Praha :
|b Academia,
|c 2011
|
| 300 |
|
|
|a 143 s. :
|b il. (převážně barev.), portréty ;
|c 21 cm
|
| 490 |
1 |
|
|a Průhledy ;
|v sv. 8
|
| 500 |
|
|
|a Terminologický slovník
|
| 504 |
|
|
|a Obsahuje bibliografii a rejstříky
|
| 650 |
0 |
7 |
|a viry
|7 ph116578
|2 czenas
|
| 650 |
0 |
7 |
|a virologie
|7 ph116576
|2 czenas
|
| 650 |
0 |
7 |
|a virové nemoci
|7 ph127113
|2 czenas
|
| 650 |
0 |
7 |
|a dějiny lékařství
|7 ph484341
|2 czenas
|
| 650 |
0 |
9 |
|a viruses
|2 eczenas
|
| 650 |
0 |
9 |
|a virology
|2 eczenas
|
| 650 |
0 |
9 |
|a viral diseases
|2 eczenas
|
| 650 |
0 |
9 |
|a history of medicine
|2 eczenas
|
| 655 |
|
7 |
|a populárně-naučné publikace
|7 fd131864
|2 czenas
|
| 655 |
|
9 |
|a popular works
|2 eczenas
|
| 700 |
1 |
|
|a Machala, Ladislav,
|d 1954-
|7 xx0011470
|4 aut
|
| 830 |
|
0 |
|a Průhledy (Academia)
|0 s
|
| 910 |
2 |
|
|a BOA001
|b 2-1277.379
|
| 990 |
|
|
|a BK
|
| 995 |
|
|
|a 01
|
| 991 |
|
|
|b 201201
|c NOV
|e n
|
| 996 |
6 |
|
|b 2610496706
|c 2-1277.379
|l MZK
|r Sklad / do 1 hodiny
|n 2
|p p.v.
|w 001220666
|u 000010
|a 1
|e BOA001
|j MZK50
|s P
|